000 00707nam a2200181Ia 4500
008 100920s9999 xx 000 0 und d
082 _b90112
_a30 ढ 88
100 _aखरे वासुदेव वामनशास्त्री.
245 _aयशवंतराय महाकाव्य.
260 _bज्ञानप्रकाश छापखाना , पुणे.
_c1888
300 _a221
_bसाधी
365 _b0
520 _aदुर्मिळ ग्रंथ.
630 _aयशवंतराय महाकाव्य.
650 _aदुर्मिळ ग्रंथ.
730 _aयशवंतराय महाकाव्य.
942 _cBOOK
999 _c730603
_d730600